Naturally Generating Minecraft Blocks - Statistics

General Stats
  • This quiz has been taken 39 times
    9 since last reset
  • The average score is 255 of 562
Answer Stats
% Correct
Bedrock
80%
Dirt
80%
Infested Cobblestone
80%
Acacia Fence
60%
Acacia Fence Gate
60%
Acacia Leaves
60%
Acacia Log
60%
Acacia Stairs
60%
Allium
60%
Andesite
60%
Azalea
60%
Barrel
60%
Basalt
60%
Beehive
60%
Bell
60%
Birch Fence
60%
Birch Log
60%
Birch Planks
60%
Birch Slab
60%
Birch Stairs
60%
Black Carpet
60%
Blackstone
60%
Black Wool
60%
Blast Furnace
60%
Block of Amethyst
60%
Block of Copper
60%
Block of Diamond
60%
Block of Gold
60%
Block of Lapis Lazuli
60%
Block of Quartz
60%
Blue Bed
60%
Blue Orchid
60%
Blue Terracotta
60%
Blue Wool
60%
Bone Block
60%
Bookshelf
60%
Brain Coral
60%
Brain Coral Block
60%
Brain Coral Fan
60%
Brewing Stand
60%
Bricks
60%
Brick Wall
60%
Brown Bed
60%
Brown Carpet
60%
Brown Mushroom
60%
Brown Mushroom Block
60%
Brown Terracotta
60%
Budding Amethyst
60%
Cactus
60%
Cactus Flower
60%
Calcite
60%
Campfire
60%
Cauldron
60%
Chain
60%
Chest
60%
Chiseled Deepslate
60%
Chiseled Sandstone
60%
Chorus Flower
60%
Chorus Plant
60%
Clay
60%
Coarse Dirt
60%
Cobblestone
60%
Cobblestone Slab
60%
Cobblestone Stairs
60%
Cobblestone Wall
60%
Composter
60%
Copper Ore
60%
Crafting Table
60%
Crimson Nylium
60%
Crimson Roots
60%
Crimson Stem
60%
Cyan Bed
60%
Cyan Carpet
60%
Cyan Wool
60%
Dandelion
60%
Dark Oak Door
60%
Dark Oak Fence
60%
Dark Oak Fence Gate
60%
Dark Oak Leaves
60%
Dark Oak Log
60%
Dark Oak Planks
60%
Dark Oak Slab
60%
Dark Oak Stairs
60%
Dead Bush
60%
Decorated Pot
60%
Deepslate
60%
Deepslate Copper Ore
60%
Deepslate Diamond Ore
60%
Deepslate Emerald Ore
60%
Deepslate Gold Ore
60%
Deepslate Iron Ore
60%
Deepslate Lapis Lazuli Ore
60%
Deepslate Redstone Ore
60%
Diamond Ore
60%
Diorite
60%
Dirt Path
60%
Dispenser
60%
Dragon Head
60%
Dried Ghast
60%
Dripstone Block
60%
Emerald Ore
60%
End Portal
60%
End Portal Frame
60%
End Stone
60%
End Stone Bricks
60%
Farmland
60%
Fire
60%
Flowering Azalea
60%
Flower Pot
60%
Furnace
60%
Gilded Blackstone
60%
Glass
60%
Glass Pane
60%
Glowstone
60%
Gold Ore
60%
Granite
60%
Gravel
60%
Gray Carpet
60%
Gray Wool
60%
Green Bed
60%
Green Carpet
60%
Green Wool
60%
Horn Coral
60%
Horn Coral Block
60%
Horn Coral Fan
60%
Infested Cracked Stone Bricks
60%
Infested Mossy Stone Bricks
60%
Infested Stone
60%
Infested Stone Bricks
60%
Iron Bars
60%
Iron Ore
60%
Jungle Leaves
60%
Jungle Log
60%
Ladder
60%
Lapis Lazuli Ore
60%
Lava
60%
Light Gray Terracotta
60%
Light Gray Wool
60%
Lime Bed
60%
Lime Carpet
60%
Lime Glazed Terracotta
60%
Lime Terracotta
60%
Lime Wool
60%
Magma Block
60%
Mangrove Leaves
60%
Mangrove Roots
60%
Melon
60%
Monster Spawner
60%
Moss Block
60%
Moss Carpet
60%
Mossy Cobblestone
60%
Mossy Stone Bricks
60%
Mud
60%
Mud Bricks
60%
Mud Brick Slab
60%
Mud Brick Stairs
60%
Mud Brick Wall
60%
Mushroom Stem
60%
Mycelium
60%
Nether Brick Fence
60%
Nether Bricks
60%
Nether Brick Stairs
60%
Netherrack
60%
Nether Sprouts
60%
Nether Wart
60%
Nether Wart Block
60%
Note Block
60%
Oak Button
60%
Oak Door
60%
Oak Fence
60%
Oak Fence Gate
60%
Oak Leaves
60%
Oak Log
60%
Oak Planks
60%
Oak Slab
60%
Oak Stairs
60%
Oak Trapdoor
60%
Obsidian
60%
Orange Bed
60%
Orange Terracotta
60%
Orange Wool
60%
Peony
60%
Pink Carpet
60%
Podzol
60%
Pointed Dripstone
60%
Poppy
60%
Potted Allium
60%
Potted Azure Bluet
60%
Potted Birch Sapling
60%
Potted Blue Orchid
60%
Potted Cactus
60%
Potted Dandelion
60%
Potted Dead Bush
60%
Potted Oxeye Daisy
60%
Potted Poppy
60%
Potted Red Mushroom
60%
Potted Red Tulip
60%
Potted Spruce Sapling
60%
Potted White Tulip
60%
Prismarine
60%
Prismarine Bricks
60%
Pumpkin
60%
Purple Bed
60%
Purple Carpet
60%
Purple Glazed Terracotta
60%
Purpur Slab
60%
Purpur Stairs
60%
Rail
60%
Red Bed
60%
Red Carpet
60%
Red Mushroom
60%
Red Mushroom Block
60%
Red Sand
60%
Red Sandstone
60%
Redstone Repeater
60%
Redstone Torch
60%
Red Terracotta
60%
Red Wool
60%
Reinforced Deepslate
60%
Rooted Dirt
60%
Sand
60%
Sandstone
60%
Sandstone Slab
60%
Sandstone Stairs
60%
Sculk
60%
Sculk Sensor
60%
Sculk Shrieker
60%
Seagrass
60%
Small Dripleaf
60%
Smoker
60%
Smooth Stone
60%
Smooth Stone Slab
60%
Soul Fire
60%
Soul Sand
60%
Spruce Fence
60%
Spruce Fence Gate
60%
Spruce Leaves
60%
Spruce Log
60%
Spruce Stairs
60%
Spruce Trapdoor
60%
Stone
60%
Stone Bricks
60%
Stone Brick Wall
60%
Stone Button
60%
Stonecutter
60%
Stone Pressure Plate
60%
Sunflower
60%
Suspicious Gravel
60%
Suspicious Sand
60%
Sweet Berry Bush
60%
Tall Grass
60%
Terracotta
60%
Torch
60%
Tube Coral
60%
Tube Coral Block
60%
Tube Coral Fan
60%
Tuff
60%
Twisting Vines
60%
Vines
60%
Warped Nylium
60%
Warped Roots
60%
Warped Stem
60%
Warped Wart Block
60%
Water
60%
Waxed Cut Copper
60%
Waxed Cut Copper Slab
60%
Waxed Cut Copper Stairs
60%
Wet Sponge
60%
White Bed
60%
White Carpet
60%
White Terracotta
60%
White Wool
60%
Yellow Bed
60%
Yellow Carpet
60%
Yellow Terracotta
60%
Yellow Wool
60%
Acacia Door
40%
Acacia Pressure Plate
40%
Acacia Sapling
40%
Acacia Slab
40%
Acacia Wood
40%
Amethyst Cluster
40%
Ancient Debris
40%
Azalea Leaves
40%
Azure Bluet
40%
Big Dripleaf
40%
Birch Leaves
40%
Black Banner
40%
Black Glazed Terracotta
40%
Black Stained Glass
40%
Blackstone Slab
40%
Blackstone Stairs
40%
Block of Redstone
40%
Blue Carpet
40%
Blue Ice
40%
Brown Wool
40%
Bubble Coral
40%
Bubble Coral Block
40%
Bubble Coral Fan
40%
Bush
40%
Candle
40%
Carved Pumpkin
40%
Cave Vines
40%
Cherry Leaves
40%
Cherry Log
40%
Chiseled Stone Bricks
40%
Coal Ore
40%
Cobbled Deepslate
40%
Cobweb
40%
Cornflower
40%
Cracked Polished Blackstone Bricks
40%
Cracked Stone Bricks
40%
Crimson Fungus
40%
Cut Sandstone
40%
Damaged Anvil
40%
Dark Oak Sapling
40%
Dark Prismarine
40%
Dead Brain Coral
40%
Dead Brain Coral Block
40%
Dead Brain Coral Fan
40%
Dead Bubble Coral
40%
Dead Bubble Coral Block
40%
Dead Bubble Coral Fan
40%
Dead Fire Coral
40%
Dead Fire Coral Block
40%
Dead Fire Coral Fan
40%
Dead Horn Coral
40%
Dead Horn Coral Block
40%
Dead Horn Coral Fan
40%
Dead Tube Coral
40%
Dead Tube Coral Block
40%
Dead Tube Coral Fan
40%
Deepslate Bricks
40%
Deepslate Brick Slab
40%
Deepslate Brick Stairs
40%
Deepslate Brick Wall
40%
Deepslate Coal Ore
40%
Deepslate Tiles
40%
Deepslate Tile Slab
40%
Deepslate Tile Stairs
40%
Deepslate Tile Wall
40%
Ender Chest
40%
End Rod
40%
Fern
40%
Fire Coral
40%
Fire Coral Block
40%
Fire Coral Fan
40%
Firefly Bush
40%
Fletching Table
40%
Flowering Azalea Leaves
40%
Grass Block
40%
Gray Terracotta
40%
Grindstone
40%
Hanging Roots
40%
Hay Bale
40%
Ice
40%
Iron Door
40%
Jungle Door
40%
Jungle Fence
40%
Jungle Planks
40%
Jungle Slab
40%
Jungle Stairs
40%
Jungle Trapdoor
40%
Kelp
40%
Lantern
40%
Large Amethyst Bud
40%
Large Fern
40%
Leaf Litter
40%
Lectern
40%
Lever
40%
Light Blue Carpet
40%
Light Blue Glazed Terracotta
40%
Light Blue Wool
40%
Light Gray Carpet
40%
Lily Pad
40%
Magenta Banner
40%
Magenta Bed
40%
Magenta Stained Glass
40%
Mangrove Log
40%
Mangrove Propagule
40%
Medium Amethyst Bud
40%
Mossy Cobblestone Slab
40%
Mossy Cobblestone Stairs
40%
Mossy Cobblestone Wall
40%
Mossy Stone Brick Slab
40%
Muddy Mangrove Roots
40%
Nether Gold Ore
40%
Nether Quartz Ore
40%
Oak Pressure Plate
40%
Orange Carpet
40%
Orange Glazed Terracotta
40%
Oxeye Daisy
40%
Packed Ice
40%
Packed Mud
40%
Pale Moss Block
40%
Pale Moss Carpet
40%
Pale Oak Leaves
40%
Pale Oak Log
40%
Pink Tulip
40%
Polished Blackstone
40%
Polished Blackstone Bricks
40%
Polished Deepslate
40%
Polished Deepslate Slab
40%
Polished Deepslate Stairs
40%
Polished Deepslate Wall
40%
Polished Diorite
40%
Polished Granite
40%
Powder Snow
40%
Purpur Block
40%
Red Concrete
40%
Red Glazed Terracotta
40%
Redstone Comparator
40%
Redstone Lamp
40%
Redstone Ore
40%
Red Tulip
40%
Sandstone Wall
40%
Sculk Catalyst
40%
Sculk Vein
40%
Sea Lantern
40%
Sea Pickle
40%
Short Grass
40%
Shroomlight
40%
Small Amethyst Bud
40%
Smithing Table
40%
Smooth Quartz Block
40%
Smooth Quartz Slab
40%
Smooth Sandstone
40%
Snow
40%
Snow Block
40%
Soul Lantern
40%
Soul Soil
40%
Spore Blossom
40%
Spruce Door
40%
Spruce Pressure Plate
40%
Spruce Slab
40%
Spruce Wood
40%
Sticky Piston
40%
Stone Slab
40%
Stripped Oak Log
40%
Stripped Oak Wood
40%
Stripped Spruce Log
40%
Target
40%
TNT
40%
Trapped Chest
40%
Tripwire
40%
Tripwire Hook
40%
Tuff Bricks
40%
Warped Fungus
40%
Waxed Block of Copper
40%
Waxed Copper Grate
40%
Waxed Oxidized Copper
40%
Weeping Vines
40%
Wheat Crops
40%
White Concrete
40%
White Glazed Terracotta
40%
White Stained Glass
40%
White Stained Glass Pane
40%
White Tulip
40%
Yellow Glazed Terracotta
40%
Yellow Stained Glass Pane
40%
Acacia Planks
20%
Bamboo
20%
Beetroots
20%
Block of Coal
20%
Brick Slab
20%
Brick Stairs
20%
Brown Stained Glass
20%
Brown Stained Glass Pane
20%
Carrots
20%
Cartography Table
20%
Chiseled Polished Blackstone
20%
Chiseled Tuff
20%
Chiseled Tuff Bricks
20%
Closed Eyeblossom
20%
Cocoa
20%
Creaking Heart
20%
Crying Obsidian
20%
Cyan Terracotta
20%
Dark Oak Trapdoor
20%
Diorite Wall
20%
End Gateway
20%
Glow Lichen
20%
Granite Wall
20%
Gray Banner
20%
Hopper
20%
Infested Chiseled Stone Bricks
20%
Infested Deepslate
20%
Iron Trapdoor
20%
Jungle Button
20%
Jungle Fence Gate
20%
Light Gray Glazed Terracotta
20%
Light Gray Stained Glass
20%
Lilac
20%
Loom
20%
Magenta Carpet
20%
Mangrove Wood
20%
Melon Stem
20%
Mossy Stone Brick Stairs
20%
Mossy Stone Brick Wall
20%
Oak Sign
20%
Ominous Banner
20%
Open Eyeblossom
20%
Orange Tulip
20%
Oxidized Cut Copper
20%
Pale Hanging Moss
20%
Pink Petals
20%
Polished Andesite
20%
Polished Basalt
20%
Polished Blackstone Brick Slab
20%
Polished Blackstone Brick Stairs
20%
Polished Blackstone Brick Wall
20%
Polished Blackstone Slab
20%
Potatoes
20%
Pumpkin Stem
20%
Purpur Pillar
20%
Rose Bush
20%
Short Dry Grass
20%
Skeleton Skull
20%
Smooth Basalt
20%
Smooth Sandstone Slab
20%
Smooth Sandstone Stairs
20%
Spruce Planks
20%
Spruce Sign
20%
Stone Brick Slab
20%
Stone Brick Stairs
20%
Stripped Acacia Log
20%
Stripped Spruce Wood
20%
Sugar Cane
20%
Tall Dry Grass
20%
Vault
20%
Waxed Copper Bulb
20%
Waxed Copper Door
20%
Waxed Oxidized Copper Door
20%
Waxed Oxidized Copper Grate
20%
Waxed Oxidized Copper Trapdoor
20%
Waxed Oxidized Cut Copper
20%
White Candle
20%
Wildflowers
20%
Bamboo Shoot
0%
Cobbled Deepslate Slab
0%
Cobbled Deepslate Stairs
0%
Cobbled Deepslate Wall
0%
Cracked Deepslate Bricks
0%
Cracked Deepslate Tiles
0%
Diorite Slab
0%
Diorite Stairs
0%
Granite Stairs
0%
Lily of the Valley
0%
Oak Hanging Sign
0%
Orange Stained Glass Pane
0%
Oxidized Copper Trapdoor
0%
Polished Tuff
0%
Polished Tuff Slab
0%
Red Candle
0%
Redstone Wire
0%
Tall Seagrass
0%
Trial Spawner
0%
Water Cauldron
0%
Waxed Chiseled Copper
0%
Waxed Oxidized Chiseled Copper
0%
Waxed Oxidized Cut Copper Slab
0%
Waxed Oxidized Cut Copper Stairs
0%
No matching quizzes found
Score Distribution
Percent of People with Each Score
Percentile by Number Answered
Your Score History
You have not taken this quiz since the last reset